000 01442nam a2200301 a 4500
001 BRCA_4960
005 20190320204859.0
008 221010s1700----sp-######v---#000-0#spa-#
041 _aspa
044 _amx
084 _aDOC61
_b.D63
_c1700
245 1 0 _aDocumento firmado por el Rey [Carlos II]
_c[Carlos II].
260 _aMadrid
_c1700
300 _a[7] fojas
_c30 x 21 cm.
500 _aDocumento firmado el 11 de abril de 1700.
500 _aDocumento firmado por el Rey [Carlos II] en donde da instrucciones al Obispo de México para la exacción del subsidio de un millón de ducados de plata, que su Santidad Monseñor Aperregui concede para ser aplicados en los gastos de la guerra contra los infieles y herejes escoses que han intentado poblar el Darién (Panamá).
500 _a[Real Cèdula] firmada como ´Yo el Rey´.
500 _aContiene la leyenda DOC. #71.
500 _aPapel con marca de agua.
500 _aEstado de conservación: contiene pequeñas manchas de acidez.
506 0 _aFondo Reservado. Para su consulta es necesario credencial de usuario y carta de motivos.
546 _aTexto en: español de principos del siglo XVIII.
600 1 4 _aCarlos
_bII
_cRey de España
_d1661-1700
_xHistoria
_912620
650 1 4 _aDocumentos legales
_vImpreso
_xHistoria
_yCasa de Austria, 1516-1700
_zEspaña
_912621
651 4 _aMéxico
_xHistoria
_yColonia, 1521-1821
_912461
902 _aFDH
942 _2lcc
_cD
999 _c4654
_d4654